Elementary Number Theory, Cryptography and Codes

Gespeichert in:
Bibliographische Detailangaben
Hauptverfasser: Baldoni, M.W (Verfasst von), Ciliberto, Ciro (Verfasst von), Piacentini Cattaneo, G.M (Verfasst von)
Format: Buch
Sprache:Englisch
Veröffentlicht: Berlín : Springer, 2009
Schlagworte:
Tags: Tag hinzufügen
Keine Tags, Fügen Sie das erste Tag hinzu!

MARC

LEADER 00000nam a22000003a 4500
001 stu238703
005 20190206105115.5
008 111118s2009----gw------------------eng-d
020 |a 978-3-540-69199-0 
040 |a STU  |b slo 
041 0 |a eng 
044 |a gw 
100 1 |a Baldoni, M.W.  |4 aut 
245 1 |a Elementary Number Theory, Cryptography and Codes 
260 |a Berlín :  |b Springer,  |c 2009 
300 |a 522 s 
650 7 |a teória čísel  |2 stusub 
650 7 |a kryptografia  |2 stusub 
650 7 |a kódy  |2 stusub 
700 1 |a Ciliberto, Ciro  |4 aut 
700 1 |a Piacentini Cattaneo, G.M.  |4 aut 
996 |b 284IK06660  |c I*6K6284  |l I  |s A  |a 24  |w stu238703_0001